[Event "ch-RUS Rapid 2017"]
[Site "Sochi RUS"]
[Date "2017.09.30"]
[Round "3.16"]
[White "Ivanov, Alexander Al."]
[Black "Iljiushenok, Ilia"]
[Result "1-0"]
[WhiteTitle "GM"]
[BlackTitle "IM"]
[WhiteElo "2400"]
[BlackElo "2519"]
[WhiteFideId "4126360"]
[BlackFideId "24105074"]
[EventDate "2017.09.30"]

1. e4 e5 2. Nf3 Nc6 3. Bb5 Nf6 4. O-O Nxe4 5. Re1 Nd6 6. Nxe5 Be7 7. Bf1 Nf5 8.
Nxc6 dxc6 9. Nc3 O-O 10. d3 Be6 11. Ne4 c5 12. Ng3 Nxg3 13. hxg3 Bf6 14. c3 Qd5
15. Bf4 c6 16. Qf3 Rad8 17. g4 h6 18. Qxd5 Rxd5 19. f3 Rfd8 20. a3 g5 21. Bc7
R8d7 22. Bg3 b6 23. Re3 Kg7 24. Rae1 Rd8 25. Bc7 Rc8 26. Be5 Bxe5 27. Rxe5 Rcd8
28. Kf2 Kf6 29. Rxd5 Rxd5 30. Re4 a5 31. g3 Rd8 32. Re1 b5 33. Ke3 b4 34. cxb4
cxb4 35. axb4 axb4 36. Ra1 Bd5 37. d4 Re8+ 38. Kf2 Rd8 39. Ra4 Rb8 40. Ra6 Ke6
41. Bd3 Kd6 42. Be4 Re8 43. Bd3 Re6 44. Rb6 b3 45. Rb7 Rf6 46. Bf5 h5 47. Rd7# 1-0

[Event "ch-RUS Rapid 2017"]
[Site "Sochi RUS"]
[Date "2017.09.30"]
[Round "3.17"]
[White "Gubsky, Egor"]
[Black "Kryakvin, Dmitry"]
[Result "0-1"]
[WhiteTitle "FM"]
[BlackTitle "GM"]
[WhiteElo "2303"]
[BlackElo "2583"]
[WhiteFideId "4194055"]
[BlackFideId "4153278"]
[EventDate "2017.09.30"]

1. d4 d5 2. c4 c6 3. cxd5 cxd5 4. Nc3 Nf6 5. Nf3 Nc6 6. Bf4 Nh5 7. Bg3 e6 8. e3
Be7 9. Bd3 g6 10. Rc1 O-O 11. Ne5 Nxg3 12. Nxc6 bxc6 13. hxg3 Rb8 14. Na4 Qa5+
15. Ke2 c5 16. dxc5 e5 17. Kf1 Be6 18. a3 Rfd8 19. b4 Qc7 20. Qc2 e4 21. Be2 d4
22. exd4 Rxd4 23. Nc3 Bg5 24. Rd1 Rxd1+ 25. Nxd1 Rd8 26. Qxe4 Bf5 27. Qc4 Qe5
28. f4 Qa1 29. Kf2 Bf6 30. Re1 Qxa3 31. c6 Be6 32. Qb5 Bd4+ 33. Kf1 Qxg3 34. Qg5
Qxg5 35. fxg5 Rd5 36. Bf3 Re5 37. Rxe5 Bxe5 38. Ne3 Kf8 39. Bg4 Ke7 40. Ke2 Bf4
41. Kf3 Bxg5 42. Bxe6 Kxe6 43. Nc4 Bd8 44. Ke4 h5 45. Kd4 Bc7 46. Kc5 g5 47. Kb5
Kd5 48. Ne3+ Ke4 49. Nf1 h4 50. Ka6 Bb6 51. Kb7 f5 52. c7 Bxc7 53. Kxc7 Kd3 54.
b5 Ke2 55. Nh2 Kf2 56. Kb7 g4 57. Kxa7 g3 58. Nf3 h3 59. b6 h2 60. b7 h1=Q 61.
b8=Q Qa1+ 62. Kb7 Qb2+ 63. Kc8 Qxb8+ 64. Kxb8 Kxg2 65. Nh4+ Kf2 0-1

[Event "ch-RUS Rapid 2017"]
[Site "Sochi RUS"]
[Date "2017.09.30"]
[Round "3.18"]
[White "Levin, Evgeny A."]
[Black "Alexeev, Alexey"]
[Result "1-0"]
[WhiteTitle "GM"]
[BlackTitle "IM"]
[WhiteElo "2532"]
[BlackElo "2299"]
[WhiteFideId "4182596"]
[BlackFideId "14106663"]
[EventDate "2017.09.30"]

1. d4 d5 2. c4 e6 3. Nc3 c5 4. cxd5 exd5 5. Nf3 Nc6 6. g3 Nf6 7. Bg2 Be7 8. O-O
O-O 9. dxc5 Bxc5 10. a3 Re8 11. b4 Be7 12. Bb2 Bg4 13. Rc1 Rc8 14. h3 Bh5 15. g4
Bg6 16. Nh4 Be4 17. Nxe4 Nxe4 18. Nf5 Bf6 19. Bxf6 Qxf6 20. b5 Ne5 21. Rxc8 Rxc8
22. Qxd5 Nc3 23. Qxb7 Nxe2+ 24. Kh1 Rd8 25. Qxa7 h5 26. Qe7 hxg4 27. Qxf6 gxf6
28. hxg4 Kh7 29. f4 Ng3+ 30. Nxg3 1-0

[Event "ch-RUS Rapid 2017"]
[Site "Sochi RUS"]
[Date "2017.09.30"]
[Round "3.19"]
[White "Sjugirov, Sanan"]
[Black "Sorokin, Aleksey"]
[Result "1-0"]
[WhiteTitle "GM"]
[BlackTitle "FM"]
[WhiteElo "2650"]
[BlackElo "2486"]
[WhiteFideId "4189302"]
[BlackFideId "24176460"]
[EventDate "2017.09.30"]

1. Nf3 Nf6 2. d4 e6 3. c4 d5 4. Nc3 c5 5. cxd5 Nxd5 6. e3 Nc6 7. Bd3 Be7 8. a3
cxd4 9. exd4 O-O 10. O-O Nf6 11. Bc2 b6 12. Bg5 Ba6 13. Re1 Rc8 14. Rc1 h6 15.
Bh4 Nd5 16. Bxe7 Ncxe7 17. Bb1 Nf6 18. Ne5 Qd6 19. Qa4 b5 20. Qa5 Rb8 21. Ba2 b4
22. axb4 Rxb4 23. Nxf7 Rxf7 24. Bxe6 Bc4 25. Bxf7+ Kxf7 26. Qxa7 Rxb2 27. Na4
Re2 28. Rxe2 Bxe2 29. Nc5 Ng4 30. Qa2+ Ke8 31. Qa8+ Kf7 32. g3 Qd5 33. Qxd5+
Nxd5 34. f3 Ngf6 35. Kf2 Bb5 36. Ra1 Ke7 37. Ra7+ Nd7 38. Ra5 Bc6 39. Nd3 N5f6
40. h4 Kd6 41. g4 Nd5 42. Ra6 Nc7 43. Ra1 Nb5 44. Ke3 Nb6 45. Nb4 Nc4+ 46. Kd3
Nb2+ 47. Kc2 Nxd4+ 48. Kxb2 Bxf3 49. Ra6+ Ke5 50. Kc3 Nb5+ 51. Kd3 Bxg4 52. Ke3
Nd6 53. Nd3+ Ke6 54. Nf4+ Ke5 55. Ng6+ Ke6 56. Kd4 Bd1 57. Kc5 Kf5 58. Rxd6 Bh5
59. Ne7+ Kg4 60. Rd4+ Kh3 61. Nf5 g5 62. Kd5 Bg6 63. Ke5 1-0

[Event "ch-RUS Rapid 2017"]
[Site "Sochi RUS"]
[Date "2017.09.30"]
[Round "3.20"]
[White "Popov, Ivan RUS"]
[Black "Utnasunov, Alexander"]
[Result "1/2-1/2"]
[WhiteTitle "GM"]
[WhiteElo "2599"]
[BlackElo "2446"]
[WhiteFideId "4170350"]
[BlackFideId "4134524"]
[EventDate "2017.09.30"]

1. e4 c5 2. Nf3 d6 3. d4 cxd4 4. Qxd4 Nc6 5. Bb5 Bd7 6. Qd3 g6 7. O-O Bg7 8. c4
Nf6 9. Nc3 O-O 10. h3 a6 11. Bxc6 Bxc6 12. Nd4 Nd7 13. Be3 Qa5 14. Qd2 Rfc8 15.
Rfd1 b5 16. cxb5 axb5 17. Rac1 Bxd4 18. Qxd4 b4 19. Nd5 Bxd5 20. Rxc8+ Rxc8 21.
exd5 Qxa2 22. Qxb4 Qc4 23. Qxc4 Rxc4 24. Ra1 Kg7 25. Bd2 Nb6 26. Ra5 Rc5 27.
Rxc5 dxc5 28. Be3 Nd7 29. f4 Kf6 30. Kf2 e6 31. dxe6 Kxe6 32. Ke2 Kd5 33. Kd3
c4+ 34. Kc3 Nf6 35. Ba7 Ne4+ 36. Kb4 f5 37. Be3 Nd6 38. Bc5 Ne4 39. Be3 Nf6 40.
Ba7 Nh5 41. Bb8 Kd4 42. Be5+ Kd5 43. Bb8 Ng3 44. Bc7 Ne2 45. Bb8 Nc1 46. Kc3
Na2+ 47. Kd2 Nb4 48. Kc3 Na2+ 49. Kd2 Nb4 50. Kc3 Nc6 51. Be5 Kc5 52. Bg7 Kd5
53. Be5 Ne7 54. Bf6 Nc6 1/2-1/2

[Event "ch-RUS Rapid 2017"]
[Site "Sochi RUS"]
[Date "2017.09.30"]
[Round "3.21"]
[White "Savchenko, Boris"]
[Black "Popov, Mikhail"]
[Result "1-0"]
[WhiteTitle "GM"]
[BlackTitle "FM"]
[WhiteElo "2581"]
[BlackElo "2416"]
[WhiteFideId "4147332"]
[BlackFideId "4146182"]
[EventDate "2017.09.30"]

1. e4 g6 2. d4 Bg7 3. Nf3 d6 4. Bc4 Nf6 5. Qe2 O-O 6. O-O Nc6 7. Bb3 e5 8. dxe5
Nxe5 9. Nxe5 dxe5 10. Nd2 Qe7 11. Nc4 a5 12. a4 b6 13. Ne3 Bb7 14. f3 Rfd8 15.
Kh1 Qf8 16. Bc4 Bh6 17. Ng4 Nxg4 18. fxg4 Rd7 19. Bxh6 Qxh6 20. Rad1 Re7 21.
Bxf7+ Rxf7 22. Rxf7 Kxf7 23. Qc4+ Kf6 24. Rf1+ Kg5 25. Qxc7 Ba6 26. Qe7+ Kxg4
27. h3+ 1-0

[Event "ch-RUS Rapid 2017"]
[Site "Sochi RUS"]
[Date "2017.09.30"]
[Round "3.22"]
[White "Pridorozhni, Aleksei"]
[Black "Slavin, Alexey"]
[Result "1/2-1/2"]
[WhiteTitle "GM"]
[BlackTitle "IM"]
[WhiteElo "2565"]
[BlackElo "2364"]
[WhiteFideId "4127870"]
[BlackFideId "24104388"]
[EventDate "2017.09.30"]

1. e4 c5 2. Nc3 Nc6 3. Bb5 g6 4. Bxc6 bxc6 5. d3 Bg7 6. f4 d6 7. Nf3 Nf6 8. O-O
O-O 9. Qe1 Ne8 10. Qh4 Nc7 11. f5 e6 12. fxg6 Qxh4 13. Nxh4 hxg6 14. Nf3 Nb5 15.
Ne2 Na3 16. bxa3 Bxa1 17. Bf4 e5 18. Bh6 Bb2 19. Bxf8 Kxf8 20. Rb1 Bxa3 21. Nd2
Be6 22. Nc4 Bxc4 23. dxc4 Bb4 24. c3 Ba5 25. Rb7 Ke8 26. Kf2 Bb6 27. h4 Rd8 28.
g4 Rd7 29. Rb8+ Rd8 30. Rb7 Rd7 31. Rxd7 Kxd7 32. h5 Ke7 33. Ke3 Kf8 34. hxg6
fxg6 35. Ng1 Kf7 36. Nf3 Bd8 37. Kd3 Ke6 38. Ke3 Be7 39. Kd3 Bd8 40. Ke3 Ba5 41.
Kd3 Bd8 1/2-1/2

[Event "ch-RUS Rapid 2017"]
[Site "Sochi RUS"]
[Date "2017.09.30"]
[Round "3.23"]
[White "Zhitnikov, Konstantin"]
[Black "Grachev, Boris"]
[Result "0-1"]
[WhiteTitle "FM"]
[BlackTitle "GM"]
[WhiteElo "2268"]
[BlackElo "2654"]
[WhiteFideId "34152846"]
[BlackFideId "4129199"]
[EventDate "2017.09.30"]

1. e4 c5 2. Nf3 e6 3. c3 d5 4. exd5 exd5 5. d4 a6 6. Bd3 c4 7. Bc2 Bd6 8. O-O
Ne7 9. Re1 Nc6 10. Bg5 f6 11. Bh4 O-O 12. Bg3 Bg4 13. Nbd2 Bxg3 14. hxg3 Qd6 15.
Qe2 Rae8 16. Qe3 Qd7 17. Nf1 b5 18. N1h2 Bh5 19. Qf4 g5 20. Qd2 Bg6 21. Bxg6
hxg6 22. g4 Nc8 23. Rxe8 Rxe8 24. Re1 Nd6 25. Rxe8+ Qxe8 26. Nf1 Qe4 27. Ne3 Ne7
28. Qc2 Kf7 29. Kf1 Ke6 30. Ke2 Kd7 31. Nd2 Qe6 32. Nf3 Nf7 33. Kf1 Nh6 34. Qe2
Nf7 35. Qc2 Nd6 36. Qe2 a5 37. Qc2 Ke8 38. Qe2 Kf7 39. Qc2 Qd7 40. Nd2 Qc8 41.
Ke1 Qh8 42. Qd1 Qh1+ 43. Ke2 Qh2 44. Nf3 Qh8 45. Nd2 Qe8 46. Kf1 Qd7 47. Qf3 Qe6
48. Qd1 Ndc8 49. Qf3 Nb6 50. Qh3 Kg7 51. Qg3 Qd7 52. f3 Na4 53. Nd1 Nc6 54. Kf2
b4 55. Nf1 Nxb2 56. Nxb2 bxc3 0-1

[Event "ch-RUS Rapid 2017"]
[Site "Sochi RUS"]
[Date "2017.09.30"]
[Round "3.24"]
[White "Dashko, Andrey"]
[Black "Zvjaginsev, Vadim"]
[Result "0-1"]
[BlackTitle "GM"]
[WhiteElo "2226"]
[BlackElo "2643"]
[WhiteFideId "4131371"]
[BlackFideId "4113403"]
[EventDate "2017.09.30"]

1. e4 d6 2. d4 Nf6 3. Nc3 g6 4. f3 a6 5. Be3 b5 6. Qd2 Bb7 7. O-O-O Nbd7 8. Bh6
c5 9. dxc5 Nxc5 10. Bxf8 Rxf8 11. Nh3 Qa5 12. Kb1 b4 13. Ne2 Qb6 14. Nc1 a5 15.
Bc4 a4 16. Rhe1 Nfd7 17. Nf4 Ne5 18. Bd5 Rc8 19. Bxb7 Qxb7 20. b3 f6 21. Nd5 Nc6
22. Qh6 Rf7 23. Nd3 axb3 24. cxb3 Nd4 25. Qe3 Nc2 26. Kxc2 Nxd3+ 27. Kxd3 Qa6+
28. Kd2 Qxa2+ 0-1

[Event "ch-RUS Rapid 2017"]
[Site "Sochi RUS"]
[Date "2017.09.30"]
[Round "3.25"]
[White "Bocharov, Dmitry"]
[Black "Zakaryan, David"]
[Result "1-0"]
[WhiteTitle "GM"]
[BlackTitle "FM"]
[WhiteElo "2585"]
[BlackElo "2293"]
[WhiteFideId "4138716"]
[BlackFideId "24101923"]
[EventDate "2017.09.30"]

1. c4 e5 2. d3 Nf6 3. Nf3 Nc6 4. a3 Be7 5. e4 O-O 6. Nc3 d6 7. g3 Bg4 8. Bg2 Nd4
9. Be3 Nxf3+ 10. Bxf3 Qd7 11. O-O Bxf3 12. Qxf3 Qh3 13. Qg2 Qxg2+ 14. Kxg2 c6
15. f4 Rfd8 16. Rad1 h6 17. Kf3 Rd7 18. d4 exd4 19. Bxd4 Kf8 20. Rf2 b6 21. Rfd2
Rb7 22. Bxf6 gxf6 23. Ne2 a6 24. Nd4 b5 25. Nxc6 bxc4 26. Na5 Rc7 27. Rc1 Rac8
28. Rdc2 d5 29. exd5 c3 30. b4 f5 31. Nc6 Bf6 32. Rd1 Re8 33. Rd3 h5 34. Ne5
Bxe5 35. fxe5 Rxe5 36. d6 Rd7 37. Rcxc3 a5 38. Rc5 f6 39. Rxa5 Rxa5 40. bxa5 Ke8
41. a6 Kd8 42. Kf4 Ra7 43. Kxf5 Rxa6 44. Kxf6 Ra4 45. Kg5 1-0

[Event "ch-RUS Rapid 2017"]
[Site "Sochi RUS"]
[Date "2017.09.30"]
[Round "3.26"]
[White "Kobalia, Mikhail"]
[Black "Ivlev, Aleksey"]
[Result "1/2-1/2"]
[WhiteTitle "GM"]
[BlackTitle "FM"]
[WhiteElo "2596"]
[BlackElo "2259"]
[WhiteFideId "4119150"]
[BlackFideId "24185949"]
[EventDate "2017.09.30"]

1. e4 e5 2. Nf3 Nc6 3. Bb5 a6 4. Ba4 Nf6 5. O-O Be7 6. d3 b5 7. Bb3 d6 8. a3 O-O
9. Nc3 Na5 10. Ba2 c5 11. Bg5 Be6 12. Bxf6 Bxf6 13. Nd5 g6 14. b4 Nc6 15. bxc5
dxc5 16. Qd2 Nd4 17. Nxd4 cxd4 18. a4 Bg5 19. Qb4 Rb8 20. axb5 Rxb5 21. Qe1 Bxd5
22. Bxd5 a5 23. Bc4 Rc5 24. Qe2 Qd6 25. g3 Kg7 26. h4 Bf6 27. Kg2 Bd8 28. Rab1
a4 29. Rb7 Rc7 30. Rfb1 a3 31. R1b6 Qc5 32. Rb5 Qe7 33. Bd5 Rxb7 34. Rxb7 Qf6
35. Qd2 Qa6 36. Qd1 Ba5 37. Qb1 Bc3 38. Qa2 Qf6 39. Qxa3 Be1 40. f3 Bxg3 41.
Kxg3 Qf4+ 42. Kg2 Qd2+ 43. Kh3 Qf2 1/2-1/2

[Event "ch-RUS Rapid 2017"]
[Site "Sochi RUS"]
[Date "2017.09.30"]
[Round "3.27"]
[White "Vastrukhin, Oleg"]
[Black "Avalyan, Artur"]
[Result "1-0"]
[WhiteElo "2386"]
[BlackElo "2277"]
[WhiteFideId "4192770"]
[BlackFideId "34164550"]
[EventDate "2017.09.30"]

1. Nf3 Nf6 2. g3 b6 3. Bg2 Bb7 4. O-O e6 5. d3 c5 6. Nbd2 d5 7. e4 dxe4 8. Ng5
Be7 9. Ngxe4 Nc6 10. Re1 O-O 11. a4 a6 12. Nc4 Nxe4 13. Bxe4 b5 14. Ne5 Qc8 15.
Nxc6 Bxc6 16. Qf3 Bxe4 17. Qxe4 Bf6 18. c3 Rd8 19. Be3 Rb8 20. axb5 axb5 21. Ra7
b4 22. Qc4 bxc3 23. bxc3 Rd5 24. Bf4 Ra8 25. Rxa8 Qxa8 26. Rb1 Qa5 27. Rb8+ Rd8
28. Rxd8+ Bxd8 29. Be3 Bf6 30. Qb3 h6 31. c4 Qb4 32. Qa2 g5 33. Qa8+ Kg7 34. Kg2
Qb6 35. Qe4 Qd6 36. h4 Be7 37. d4 cxd4 38. Bxd4+ Bf6 39. Be3 gxh4 40. gxh4 Qe5
41. Qxe5 Bxe5 42. Kf3 f5 43. c5 Bc7 44. h5 e5 45. c6 e4+ 46. Kg2 f4 47. Bd4+ Kf7
48. Kh3 Ke6 49. Bg7 Kf5 50. Bxh6 Be5 51. Bg7 Bc7 52. h6 Kg6 53. Kg4 Bb8 54. Bf8
Bc7 55. Kh3 Kh7 56. Kg2 Kg6 57. Kf1 Kh7 58. Ke2 Kg6 59. Kd2 Bb6 60. Ke2 Bc7 61.
Bg7 Kh7 62. Kd2 Bb6 63. Kc3 e3 64. fxe3 fxe3 65. Kd3 Kg6 66. Bd4 Bxd4 67. c7 1-0

[Event "ch-RUS Rapid 2017"]
[Site "Sochi RUS"]
[Date "2017.09.30"]
[Round "3.28"]
[White "Tekeyev, Zaur"]
[Black "Hasangatin, Ramil"]
[Result "0-1"]
[WhiteTitle "FM"]
[BlackTitle "GM"]
[WhiteElo "2380"]
[BlackElo "2496"]
[WhiteFideId "4199731"]
[BlackFideId "4122160"]
[EventDate "2017.09.30"]

1. e4 Nf6 2. e5 Nd5 3. d4 d6 4. Nf3 Nb6 5. a4 a5 6. exd6 exd6 7. h3 Bf5 8. Be2
Be7 9. Nbd2 O-O 10. Nf1 Bg6 11. Ng3 Nc6 12. c3 Bf6 13. O-O Re8 14. Qb3 h6 15.
Re1 Ne7 16. Bb5 c6 17. Bf1 Qc7 18. c4 d5 19. c5 Nd7 20. Ne2 Nf5 21. Bf4 Qc8 22.
Rad1 Nh4 23. Nh2 Bg5 24. Bxg5 hxg5 25. Ng3 Nf6 26. Rxe8+ Qxe8 27. Qxb7 Rb8 28.
Qc7 Rxb2 29. Qxa5 Ne4 30. Re1 Qb8 31. Nxe4 dxe4 32. Qc3 Ra2 33. Ng4 Rxa4 34. Ne5
Qe8 35. g3 Nf5 36. Bc4 Qd8 37. Nxc6 Qd7 38. Bb5 Ra8 39. Rxe4 Qb7 40. Qb2 Nd6 41.
Ne7+ Kh7 42. Nxg6 Qxe4 43. Ne5 Nxb5 0-1

[Event "ch-RUS Rapid 2017"]
[Site "Sochi RUS"]
[Date "2017.09.30"]
[Round "4.1"]
[White "Inarkiev, Ernesto"]
[Black "Sakaev, Konstantin"]
[Result "1-0"]
[WhiteTitle "GM"]
[BlackTitle "GM"]
[WhiteElo "2694"]
[BlackElo "2594"]
[WhiteFideId "4162722"]
[BlackFideId "4104226"]
[EventDate "2017.09.30"]

1. e4 e6 2. d4 d5 3. Nc3 Nf6 4. Bg5 dxe4 5. Nxe4 Be7 6. Bxf6 gxf6 7. Qd2 f5 8.
Nc3 a6 9. g3 Qd6 10. Bg2 Nd7 11. O-O-O Rb8 12. f4 b5 13. Nf3 b4 14. Na4 Bb7 15.
Ne5 Nxe5 16. Bxb7 Nc4 17. Qg2 O-O 18. Rd3 Bf6 19. Rhd1 Kh8 20. Kb1 a5 21. h3 Rg8
22. Qf3 Nb6 23. Nc5 Nc4 24. Qc6 Rxb7 25. Qxb7 Nxb2 26. Kxb2 Qxc5 27. Kb1 Qd6 28.
Qb5 Ra8 29. Qc5 Qd7 30. g4 c6 31. gxf5 exf5 32. d5 cxd5 33. Rxd5 Qe8 34. Qb6 Qe7
35. Rd7 1-0

[Event "ch-RUS Rapid 2017"]
[Site "Sochi RUS"]
[Date "2017.09.30"]
[Round "4.4"]
[White "Tomashevsky, Evgeny"]
[Black "Rozum, Ivan"]
[Result "1-0"]
[WhiteTitle "GM"]
[BlackTitle "GM"]
[WhiteElo "2710"]
[BlackElo "2590"]
[WhiteFideId "4147235"]
[BlackFideId "24104272"]
[EventDate "2017.09.30"]

1. Nf3 Nf6 2. g3 b6 3. Bg2 Bb7 4. O-O e6 5. c4 c5 6. Nc3 Be7 7. d4 cxd4 8. Qxd4
d6 9. Rd1 a6 10. Bg5 Nbd7 11. Qd2 O-O 12. Bf4 Ne8 13. Rac1 Qc7 14. b4 Rd8 15.
Qe3 Qb8 16. Nd5 Bxd5 17. cxd5 e5 18. Bg5 f6 19. Bh4 g5 20. Bh3 Ng7 21. Be6+ Kh8
22. g4 gxh4 23. Nxh4 Nxe6 24. dxe6 Rg8 25. Nf5 Nf8 26. Nxe7 Rxg4+ 27. Kh1 Qb7+
28. Nc6 Re8 29. f3 Rg7 30. e7 Ng6 31. Rxd6 Nxe7 32. Nxe7 Qxe7 33. Rxb6 Reg8 34.
Rxa6 f5 35. Rac6 f4 36. Qf2 Qxb4 37. Rc8 h6 38. Rxg8+ Rxg8 39. Qh4 Qb6 40. a4
Qg6 41. Qf2 Qa6 42. Ra1 Kh7 43. a5 Rc8 44. Rg1 Ra8 45. Qg2 Qf6 46. Qh3 Qf7 47.
Ra1 Ra6 48. Qc8 Rg6 49. Rb1 Rg7 50. Qc2+ Qg6 51. Qxg6+ Kxg6 52. Rg1+ 1-0

[Event "ch-RUS Rapid 2017"]
[Site "Sochi RUS"]
[Date "2017.09.30"]
[Round "4.6"]
[White "Motylev, Alexander"]
[Black "Levin, Evgeny A."]
[Result "1-0"]
[WhiteTitle "GM"]
[BlackTitle "GM"]
[WhiteElo "2668"]
[BlackElo "2532"]
[WhiteFideId "4121830"]
[BlackFideId "4182596"]
[EventDate "2017.09.30"]

1. e4 d6 2. d4 Nf6 3. Nc3 c6 4. f4 Qa5 5. e5 Ne4 6. Bd3 Nxc3 7. bxc3 Qxc3+ 8.
Bd2 Qxd4 9. Nf3 Qc5 10. Rb1 dxe5 11. Nxe5 Nd7 12. Nxd7 Bxd7 13. Rxb7 Rd8 14. Qe2
e6 15. Qe3 Qd5 16. c4 Qxg2 17. Be4 Qg4 18. Rxd7 Rxd7 19. Bxc6 Be7 20. Bxd7+ Kxd7
21. Qxa7+ Ke8 22. Qa4+ Kd8 23. Ba5+ Kc8 24. Qc6+ Kb8 25. Bc7+ 1-0

[Event "ch-RUS Rapid 2017"]
[Site "Sochi RUS"]
[Date "2017.09.30"]
[Round "4.7"]
[White "Potkin, Vladimir"]
[Black "Ivanov, Alexander Al."]
[Result "1-0"]
[WhiteTitle "GM"]
[BlackTitle "GM"]
[WhiteElo "2574"]
[BlackElo "2400"]
[WhiteFideId "4131061"]
[BlackFideId "4126360"]
[EventDate "2017.09.30"]

1. d4 d6 2. e4 Nf6 3. Nc3 e5 4. Nf3 Nc6 5. Bb5 Bd7 6. Bxc6 Bxc6 7. Qd3 exd4 8.
Nxd4 Bd7 9. Bg5 Be7 10. O-O-O h6 11. Bh4 O-O 12. Rhe1 Re8 13. f3 a6 14. g4 b5
15. Nf5 Bxf5 16. gxf5 b4 17. Bxf6 Bxf6 18. Nd5 a5 19. Qc4 c5 20. Rg1 Kh8 21. Rg2
a4 22. Kb1 a3 23. b3 Rb8 24. f4 Bd4 25. Qe2 Qh4 26. Rd3 Rg8 27. Rdg3 Rbe8 28.
Rg4 Qd8 29. Kc1 Kh7 30. Qd3 Kh8 31. Kd1 Bf6 32. Qf3 Bd4 33. Rg5 Bf6 34. Rh5 Kh7
35. Rh3 g6 36. fxg6+ Rxg6 37. Rxg6 fxg6 38. f5 g5 39. Qh5 Bg7 40. Qg6+ Kh8 41.
f6 1-0

[Event "ch-RUS Rapid 2017"]
[Site "Sochi RUS"]
[Date "2017.09.30"]
[Round "4.8"]
[White "Kryakvin, Dmitry"]
[Black "Sjugirov, Sanan"]
[Result "1-0"]
[WhiteTitle "GM"]
[BlackTitle "GM"]
[WhiteElo "2583"]
[BlackElo "2650"]
[WhiteFideId "4153278"]
[BlackFideId "4189302"]
[EventDate "2017.09.30"]

1. d4 g6 2. c4 Bg7 3. e4 d6 4. Nc3 e5 5. Nge2 Ne7 6. h4 h6 7. Be3 Nd7 8. h5 g5
9. Ng3 O-O 10. d5 a5 11. Bd3 Nc5 12. Bc2 Bd7 13. Qe2 a4 14. O-O Qe8 15. Rab1 Na6
16. Nb5 f5 17. exf5 Nxf5 18. Bxa4 g4 19. Bc2 e4 20. Nxf5 Bxf5 21. Bd4 Qxh5 22.
Bxg7 Kxg7 23. b4 Rae8 24. Rb3 Re5 25. Nd4 Bd7 26. Bxe4 Rf4 27. Re3 Qe8 28. Re1
Nxb4 29. Qb2 Na6 30. Bb1 Nc5 31. Rxe5 dxe5 32. Ne6+ Bxe6 33. Qxe5+ Rf6 34. dxe6
Qe7 35. Bf5 Kf8 36. Re3 h5 37. Ra3 Nxe6 38. Re3 g3 39. fxg3 h4 40. gxh4 1-0

[Event "ch-RUS Rapid 2017"]
[Site "Sochi RUS"]
[Date "2017.09.30"]
[Round "4.9"]
[White "Demidov, Mikhail"]
[Black "Andreikin, Dmitry"]
[Result "1/2-1/2"]
[WhiteTitle "IM"]
[BlackTitle "GM"]
[WhiteElo "2521"]
[BlackElo "2708"]
[WhiteFideId "4197143"]
[BlackFideId "4158814"]
[EventDate "2017.09.30"]

1. Nf3 c5 2. g3 g6 3. Bg2 Bg7 4. O-O Nc6 5. c3 e5 6. e4 Nge7 7. d3 O-O 8. Nbd2
d6 9. a3 h6 10. b4 Be6 11. Bb2 Qd7 12. d4 exd4 13. cxd4 Bg4 14. Qb3 Nxd4 15.
Nxd4 cxd4 16. Nf3 Nc6 17. b5 Na5 18. Qb4 Bxf3 19. Bxf3 b6 20. Rac1 Rac8 21. Be2
Qe6 22. Rxc8 Rxc8 23. Bxd4 Nb3 24. Bxg7 Kxg7 25. Rd1 Nc5 26. Qd4+ Qe5 27. f4
Qxd4+ 28. Rxd4 Kf8 29. Rxd6 Nxe4 30. Rd7 f5 31. Rxa7 Rc1+ 32. Kg2 Rc2 33. Kf1
Rc1+ 34. Kg2 Rc2 35. Kf1 Rc1+ 1/2-1/2

[Event "ch-RUS Rapid 2017"]
[Site "Sochi RUS"]
[Date "2017.09.30"]
[Round "4.10"]
[White "Sarana, Alexey"]
[Black "Savchenko, Boris"]
[Result "1-0"]
[WhiteTitle "GM"]
[BlackTitle "GM"]
[WhiteElo "2541"]
[BlackElo "2581"]
[WhiteFideId "24133795"]
[BlackFideId "4147332"]
[EventDate "2017.09.30"]

1. d4 Nf6 2. c4 g6 3. Nc3 d5 4. Bg5 Ne4 5. Bh4 Nxc3 6. bxc3 dxc4 7. e3 Be6 8.
Be2 Nd7 9. Nf3 Nb6 10. O-O Bh6 11. a4 O-O 12. Qc2 a5 13. Rfb1 Ra6 14. Rb2 f6 15.
Bg3 Qc8 16. Nd2 Rd8 17. Rb5 Bf5 18. Qa2 Kf8 19. Nxc4 Be6 20. Nxb6 Rxb6 21. Bc4
f5 22. Bxe6 Qxe6 23. Bxc7 Qxa2 24. Rxa2 Rxb5 25. axb5 Rc8 26. Bxa5 f4 27. e4 e5
28. Bb4+ Kf7 29. dxe5 Bg7 30. Ra7 Rc7 31. Bd6 Rd7 32. Kf1 Ke6 33. c4 Bxe5 34.
Bxe5 Kxe5 35. c5 Rd1+ 36. Ke2 Rc1 37. Rxb7 Rxc5 38. b6 Kxe4 39. Re7+ Kf5 40. b7
Rb5 41. Rxh7 g5 42. Kd3 Ke5 43. Kc4 Rb2 44. Kc5 Rc2+ 45. Kb6 Rb2+ 46. Kc7 1-0

[Event "ch-RUS Rapid 2017"]
[Site "Sochi RUS"]
[Date "2017.09.30"]
[Round "4.11"]
[White "Grachev, Boris"]
[Black "Vastrukhin, Oleg"]
[Result "1/2-1/2"]
[WhiteTitle "GM"]
[WhiteElo "2654"]
[BlackElo "2386"]
[WhiteFideId "4129199"]
[BlackFideId "4192770"]
[EventDate "2017.09.30"]

1. d4 g6 2. c4 Bg7 3. Nc3 c5 4. d5 Bxc3+ 5. bxc3 f5 6. Bg5 d6 7. h4 Qa5 8. Qc1
Nf6 9. Bxf6 exf6 10. Rh3 f4 11. Rf3 g5 12. hxg5 fxg5 13. g3 Bg4 14. gxf4 Bxf3
15. Nxf3 gxf4 16. Rb1 Nd7 17. Rxb7 O-O-O 18. Rb3 Qa6 19. Bh3 Kc7 20. Ng5 Nb6 21.
Ne6+ Kb7 22. Qxf4 Qxa2 23. Qf7+ Ka8 24. Nc7+ Kb8 25. Rxb6+ axb6 26. Nb5 Qb1+ 27.
Kd2 Qb2+ 28. Kd3 Qb1+ 29. Kd2 Qb2+ 30. Kd3 1/2-1/2

[Event "ch-RUS Rapid 2017"]
[Site "Sochi RUS"]
[Date "2017.09.30"]
[Round "4.12"]
[White "Zvjaginsev, Vadim"]
[Black "Moskalenko, Alexander"]
[Result "1/2-1/2"]
[WhiteTitle "GM"]
[BlackTitle "IM"]
[WhiteElo "2643"]
[BlackElo "2531"]
[WhiteFideId "4113403"]
[BlackFideId "4155351"]
[EventDate "2017.09.30"]

1. e4 c6 2. Nc3 d5 3. Qe2 d4 4. Nb1 e5 5. g3 Bd6 6. d3 c5 7. Bh3 Nc6 8. a4 Nge7
9. Bxc8 Rxc8 10. Nf3 O-O 11. O-O Qd7 12. Na3 Bc7 13. Nc4 b6 14. c3 f5 15. exf5
Qxf5 16. Ng5 Rcd8 17. Ne4 h6 18. Rd1 Qg6 19. Bd2 Rf7 20. h3 dxc3 21. bxc3 Qe6
22. Qg4 Qxg4 23. hxg4 Rxd3 24. Be3 Rxd1+ 25. Rxd1 Nc8 26. g5 hxg5 27. Bxg5 Kf8
28. Kg2 Ke8 29. Ned6+ Bxd6 30. Nxd6+ Nxd6 31. Rxd6 Rc7 32. Kf3 Kf7 33. Ke4 Na5
34. Bd8 Rb7 35. Kd5 Ke8 36. Ke6 Rb8 37. Bc7 Rc8 38. Rd7 Nc4 39. Rxg7 Kf8 40.
Rf7+ Kg8 41. Re7 Rf8 42. Kd5 Na5 43. Bxe5 Rxf2 44. Rxa7 Rd2+ 45. Ke6 Nc6 46.
Ra8+ Kh7 47. Bf6 Re2+ 48. Kd5 Na5 49. Rb8 Rd2+ 50. Ke6 Nc4 51. g4 Rd6+ 52. Kf5
Rd5+ 53. Ke6 Rd6+ 54. Ke7 Rd3 55. Rh8+ Kg6 56. Rg8+ Kh7 57. Rg5 Re3+ 58. Kd7 Nb2
59. Rg7+ Kh6 60. g5+ Kh5 61. Rh7+ Kg6 62. Rg7+ Kf5 63. Re7 Rxe7+ 64. Kxe7 Kg6
65. Kd6 c4 66. Kd5 Nxa4 67. Kxc4 Nc5 68. Kb4 Ne4 69. c4 Kf7 70. Bd8 Kg6 71. Kb3
Kf5 72. Ka4 Kg6 73. Kb4 Kf5 74. Be7 Ke6 75. Bf6 Kf5 76. Kb3 Nxf6 77. gxf6 Kxf6 1/2-1/2